Vista normal
Vista MARC
Entrada Topical Term
Número de registros utilizados en: 1
001 - CONTROL NUMBER
- control field: 31420
003 - CONTROL NUMBER IDENTIFIER
- control field: OSt
005 - DATE AND TIME OF LATEST TRANSACTION
- control field: 20231102145952.0
008 - FIXED-LENGTH DATA ELEMENTS
- fixed length control field: 160503|| aca||aabn | a|a d
040 ## - CATALOGING SOURCE
- Original cataloging agency: OSt
- Transcribing agency: OSt
150 ## - HEADING--TOPICAL TERM
- Topical term or geographic name entry element: EDUCACIÓN SUPERIOR Y ESTADO
- General subdivision: BASE DE DATOS
- Geographic subdivision: CIUDAD DE MÉXICO
670 ## - SOURCE DATA FOUND
- Source citation: Work cat.: (OSt)67273: Bravo Medina, Mario [et.al.] 31620, Vinculación entre academia, sociedad y productividad, 2004